000 01697nam a22002057a 4500
999 _c6609
_d6609
003 AR-CdUCM
008 190318b ||||| |||| 00| 0 spa d
040 _aMUNICIPALIDAD PROVINCIAL DEL CUSCO
_cBIBLIOTECA MUNICIPAL DEL CUSCO
082 _a986.2 /
_bF38
100 _aFermin Cevallos, Pedro
_918595
245 _aHistoria del Ecuador /
260 _aQuito :
_bMunicipio de Ambato,
_c1985.
300 _a5 tomos ;
_c20 cm.
505 _aContenido : t.1 : Los Quitus -- Reinado de Huaina - Capac -- Religión, gobierno, legislación, costumbres, armas, ciencias, artes y lengua de los incas -- Arribo de los españoles a Tumbes -- t.2 : Organización política, civil, eclesiastica, militar y restística -- Sublevaciones y motines de los indios y mestizos -- Sucesos del oriente -- Descripción del rió y riberas del y de Amazonas y de los pueblos que lo ocupan -- Arribo de los académicos franceses -- Expatriación de los padres jesuitas -- t.3 : Primera idea de emancipación -- Conspiración de 2 de agosto -- Arribo del presidente Montes -- Juramento de la constitución española -- t.4 : Entrevista de Bolívar y San Martín -- Estado político del Perú -- Expedición al Perú -- Congreso constitucional de 1824 -- Campaña de Sucre en el Alto Perú ...
505 _aTomo 5: Congreso constituyente - La constitución del estado -- Revolución de Urdaneta -- Insurrección del general López -- la sociedad del quiteño libre -- Estado de los partidos en la costa -- Convención de Quito -- Los decretos del 10 de febrero -- Segundo periodo presidencial del general Flores ...
650 _aHistoria
_918596
650 _aEcuador
_910121
942 _2ddc
_cLIBROS
945 _arah